The effective communicator

Bibliographic Details
Main Author: Adair, John (Author)
Format: Book
Language:English
Published: Kuala Lumpur : Pelanduk Publications (M) Sdn Bhd 1988
Subjects:

MARC

LEADER 00000cam a2200000 7i4500
001 0000002259
005 20240925.0
008 991128 my eng
020 |a 967978276X 
040 |a INS   |b eng   |e rda 
090 0 0 |a HD66   |b .A191 1988 
100 1 |a Adair, John ,   |e author 
245 1 4 |a The effective communicator   |c John Adair 
264 1 |a Kuala Lumpur :   |b Pelanduk Publications (M) Sdn Bhd   |c 1988 
300 |a 156 pages ;   |c 22 cm. 
336 |a text  |2 rdacontent 
337 |a unmediated  |2 rdamedia 
338 |a volume  |2 rdacarrier 
500 |a Includes index 
650 0 |a Communication in management 
999 |a 0000003830   |b BOOK   |c Open Shelf   |e Default branch